| 000 -LEADER |
| fixed length control field |
00452nam a22001697a 4500 |
| 008 - FIXED-LENGTH DATA ELEMENTS--GENERAL INFORMATION |
| fixed length control field |
151009b xxu||||| |||| 00| 0 eng d |
| 020 ## - INTERNATIONAL STANDARD BOOK NUMBER |
| International Standard Book Number |
0321117719 |
| 041 0# - LANGUAGE CODE |
| Language code of text/sound track or separate title |
eng |
| 080 ## - UNIVERSAL DECIMAL CLASSIFICATION NUMBER |
| Universal Decimal Classification number |
514.11 |
| 245 #0 - TITLE STATEMENT |
| Title |
Calculus and analytic geometry/ |
| Statement of responsibility, etc |
George B. Thomas; Ross L. Finney; |
| 250 ## - |
| -- |
9th edition |
| 260 ## - |
| -- |
USA: |
| -- |
Pearson education; |
| -- |
2003. |
| 300 ## - |
| -- |
1139 f.: |
| -- |
me il.; |
| -- |
25 cm. |
| 650 #0 - |
| -- |
Kalkulus |
| 650 #0 - |
| -- |
Matematik |
| 942 ## - ADDED ENTRY ELEMENTS (KOHA) |
| Source of classification or shelving scheme |
|
| Item type |
Books |